| 000 | 00716cam a2200253 a 4500 | ||
|---|---|---|---|
| 999 |
_c8194 _d8194 |
||
| 001 | 8194 | ||
| 003 | BD-JhCC | ||
| 005 | 20180219113535.0 | ||
| 008 | 950210s1995 mau d 000 0deng | ||
| 020 | _a1557863989 (acidfree paper) | ||
| 035 | _a(BD-JhCC)8194 | ||
| 040 |
_aDLC _cDLC _dDLC _dBD-JhCC |
||
| 041 | _aeng | ||
| 050 | 0 | 0 |
_aE174 _b.P87 1995 |
| 082 | 0 | 0 |
_a973/.03 _220 _bPUR 1995 |
| 100 | 1 |
_aPurvis, Thomas L., _d1949- |
|
| 245 | 1 | 2 |
_aA dictionary of American history / _cThomas L. Purvis. |
| 260 |
_aCambridge, Mass. : _bBlackwell, _c1995. |
||
| 300 |
_aviii, 454 p. ; _c24 cm. |
||
| 490 | 0 | _aBlackwell reference | |
| 651 | 0 |
_aUnited States _xHistory _xDictionaries. |
|
| 942 |
_2ddc _cBK |
||